Памятные даты по Республике Адыгея на 2003 год. ...на 2003 год (Запись № 13295964)
[ простой вид ]
| 000 -МАРКЕР | |
|---|---|
| контрольное поле | 01647nam0a2200349 4500 |
| 001 - ИДЕНТИФИКАТОР ЗАПИСИ | |
| контрольное поле | RU\NLR\bibl\405887 |
| 005 - ИДЕНТИФИКАТОР ВЕРСИИ | |
| контрольное поле | 20250622165727.0 |
| 035 ## - ДРУГИЕ СИСТЕМНЫЕ НОМЕРА | |
| Идентификатор записи | (NLR Aleph) 000400009 |
| 100 ## - ДАННЫЕ ОБЩЕЙ ОБРАБОТКИ | |
| Данные общей обработки | 20030523g2003 |||y0rusy50 ca |
| 101 0# - ЯЗЫК РЕСУРСА | |
| Язык текста, звукозаписи и т.д. | русский |
| 102 ## - СТРАНА ПУБЛИКАЦИИ ИЛИ ПРОИЗВОДСТВА | |
| Страна публикации | российская федерация |
| 200 1# - ЗАГЛАВИЕ И СВЕДЕНИЯ ОБ ОТВЕТСТВЕННОСТИ | |
| Основное заглавие | ...на 2003 год |
| 210 ## - ПУБЛИКАЦИЯ, РАСПРОСТРАНЕНИЕ И ДР. | |
| Место издания, распространения и т.д. | Майкоп |
| Имя издателя, распространителя и т. д. | Б. и. |
| Дата издания, распространения и т.д. | 2002 |
| 215 ## - ФИЗИЧЕСКАЯ ХАРАКТЕРИСТИКА | |
| Специфическое обозначение материала и объем | 77 с. |
| 225 1# - СЕРИЯ | |
| Основное заглавие серии | Памятные даты по Республике Адыгея на 2003 год |
| Сведения, относящиеся к заглавию | Библиогр. указ. лит. |
| Сведения об ответственности | Нац. б-ка Респ. Адыгея, Отдел краевед. нац. лит. |
| 461 #0 - УРОВЕНЬ НАБОРА | |
| Встроенное поле | 2001#$aПамятные даты по Республике Адыгея на 2003 год$eБиблиогр. указ. лит.$fНац. б-ка Респ. Адыгея, Отдел краевед. нац. лит.$v...на 2003 год |
| -- | 210##$aМайкоп$cБ. и. |
| -- | 215##$d20 см. |
| Заглавие | Памятные даты по Республике Адыгея на 2003 год |
| 610 0# - НЕКОНТРОЛИРУЕМЫЕ ПРЕДМЕТНЫЕ ТЕРМИНЫ | |
| Предметный термин | Календари знаменательных и памятных дат |
| 610 0# - НЕКОНТРОЛИРУЕМЫЕ ПРЕДМЕТНЫЕ ТЕРМИНЫ | |
| Предметный термин | Адыгея, Республика - История - Библиографические указатели |
| 610 0# - НЕКОНТРОЛИРУЕМЫЕ ПРЕДМЕТНЫЕ ТЕРМИНЫ | |
| Предметный термин | Адыгея, история |
| 675 ## - УНИВЕРСАЛЬНАЯ ДЕСЯТИЧНАЯ КЛАССИФИКАЦИЯ (UDC/УДК) | |
| Индекс | 016:94(470.621)(091)<387> |
| Издание | 3 |
| Язык издания | rus |
| 686 ## - ИНДЕКСЫ ДРУГИХ КЛАССИФИКАЦИЙ | |
| Индекс | 13.41 |
| Код системы | |
| 686 ## - ИНДЕКСЫ ДРУГИХ КЛАССИФИКАЦИЙ | |
| Индекс | 63.3(2Рос.Ады)6 |
| Код системы | |
| 702 #1 - ИМЯ ЛИЦА - ВТОРИЧНАЯ ОТВЕТСТВЕННОСТЬ | |
| Начальный элемент ввода | Мугу |
| Часть имени, кроме начального элемента ввода | С. Х. |
| Код отношения | Составитель |
| 702 #1 - ИМЯ ЛИЦА - ВТОРИЧНАЯ ОТВЕТСТВЕННОСТЬ | |
| Начальный элемент ввода | Панеш |
| Часть имени, кроме начального элемента ввода | Ф. А. |
| Код отношения | Составитель |
| 801 #0 - ИСТОЧНИК ЗАПИСИ | |
| Страна | российская федерация |
| Организация | RKP |
| Дата составления | 20030523 |
| Правила каталогизации | PSBO |
| 801 #1 - ИСТОЧНИК ЗАПИСИ | |
| Страна | российская федерация |
| Организация | RKP |
| Дата составления | 20030523 |
| 801 #2 - ИСТОЧНИК ЗАПИСИ | |
| Страна | российская федерация |
| Организация | NLR |
| Дата составления | 20060222 |
| Правила каталогизации | rcr |
| 852 ## - МЕСТОНАХОЖДЕНИЕ И ШИФР ХРАНЕНИЯ | |
| Идентификатор организации | NLR |
| Наименование фонда или коллекции (Sub-Location Identifier) | ОНЛ |
| Шифр хранения (Call Number) | Адыг./2-953 |
| 942 ## - ДОПОЛНИТЕЛЬНЫЕ ЭЛЕМЕНТЫ ЗАПИСИ (АБИС) | |
| Тип экземпляра АБИС | Выпуск |
| 980 ## - КОЛЛЕКЦИЯ | |
| Название коллекции | Национальная библиография |
| Тип экземпляра | Дата поступления | Источник поступления | Библиотека постоянного хранения | Библиотека текущего хранения | Место хранения | Шифр хранения | Штрих-код | Статус не для выдачи | Нумерация / хронология для периодики |
|---|---|---|---|---|---|---|---|---|---|
| Книга | 05.06.2003 | Обязательный экземпляр | РНБ (Московский) | РНБ (Московский) | Фонд национальных литератур, групповой | ОНЛ Адыг./2-953 | 494298 | 2003, | |
| Книга | 05.06.2003 | Обязательный экземпляр | РНБ (Московский) | РНБ (Московский) | Обменный фонд | 494299 | 2003, |